[Event "GER-ch U12"]
[Site "Willingen"]
[Date "2020.10.28"]
[Round "2"]
[White "Ivanov, Alexander"]
[Black "Vecera, Fabio"]
[Result "0-1"]
[WhiteElo "1261"]
[BlackElo "1534"]
[PlyCount "94"]
[EventDate "2020.10.26"]
[EventType "swiss"]
[EventRounds "7"]
[EventCountry "GER"]
[SourceTitle "CBM 199 Extra"]
[Source "ChessBase"]
[SourceDate "2021.01.31"]
[SourceVersion "1"]
[SourceVersionDate "2021.01.31"]
[SourceQuality "1"]

1. d4 d5 2. c4 e6 3. Nc3 f5 4. Nf3 Nf6 5. Bf4 c6 6. Ne5 Ne4 7. e3 g6 8. Be2 Bg7 9. 0-0 0-0 10. f3 Nxc3 11. bxc3 Nd7 12. Nd3 dxc4 13. Nf2 e5 14. Bxc4+ Kh8 15. dxe5 Nxe5 16. Qxd8 Rxd8 17. Bb3 Re8 18. Rad1 Be6 19. Bxe5 Bxe5 20. Rd3 Bg8 21. Rfd1 Bf6 22. e4 Rad8 23. Nh3 c5 24. Rxd8 Rxd8 25. Rxd8 Bxd8 26. Bxg8 Kxg8 27. e5 c4 28. Nf4 Bc7 29. Nd5 Bxe5 30. g3 Kf7 31. f4 Bg7 32. Kf2 a6 33. Ke2 Ke6 34. Nc7+ Kd7 35. Nd5 Kc6 36. Nb4+ Kc5 37. Kd2 a5 38. Nc2 b5 39. a3 Kd5 40. Ne1 a4 41. Nc2 Ke4 42. h3 Kf3 43. Nd4+ Bxd4 44. cxd4 Ke4 45. Kc3 h5 46. h4 Kd5 47. Kb4 Kxd4 0-1

[Event "Continental op 49th"]
[Site "Sturbridge"]
[Date "2019.08.16"]
[Round "5"]
[White "Dragun, Kamil"]
[Black "Ivanov, Alexander"]
[Result "1/2-1/2"]
[WhiteElo "2614"]
[BlackElo "2473"]
[PlyCount "131"]
[EventDate "2019.08.14"]
[EventType "swiss"]
[EventRounds "9"]
[EventCountry "USA"]
[SourceTitle "CBM 191 Extra"]
[Source "ChessBase"]
[SourceDate "2019.09.30"]
[SourceVersion "1"]
[SourceVersionDate "2019.09.30"]
[SourceQuality "1"]

1. c4 e5 2. g3 Nc6 3. Bg2 g6 4. Nc3 Bg7 5. d3 d6 6. e4 Nd4 7. Nge2 Bg4 8. h3 Bxe2 9. Nxe2 Nxe2 10. Qxe2 Ne7 11. h4 Nc6 12. Be3 Qe7 13. h5 Nd4 14. Bxd4 exd4 15. 0-0-0 0-0-0 16. Kb1 Kb8 17. f4 c6 18. Qf3 h6 19. a3 g5 20. Bh3 gxf4 21. gxf4 Rhg8 22. Rdg1 Bf6 23. Rg4 Rxg4 24. Qxg4 Bh4 25. Rh2 Rf8 26. Ka2 a6 27. Rg2 Ka7 28. Qf5 Qf6 29. Qg4 Qe7 30. Qf3 Qe8 31. Rg4 Bf6 32. Qg3 Qd8 33. Qg1 Kb8 34. Rg2 Ka7 35. Bf5 Rh8 36. Rg4 Qe8 37. Qg3 Qd8 38. Kb1 Qe8 39. Kc2 Qd8 40. Qg2 Qe8 41. Kd1 Qd8 42. Kc2 Qe8 43. Kb1 Qd8 44. Ka2 Qe8 45. Qc2 Qf8 46. Qb3 Bd8 47. Qb4 Bb6 48. Qe1 Rg8 49. Qg3 Rxg4 50. Qxg4 Bd8 51. Bh7 Bf6 52. Qf5 Bg7 53. Kb3 Kb6 54. Kc2 Qe8 55. Qg4 Bf6 56. Kd1 Ka7 57. Ke2 Qd8 58. Qf5 Bh4 59. Kf3 Be1 60. Qg4 Qb6 61. Qg2 Qb3 62. e5 dxe5 63. fxe5 Qd1+ 64. Qe2 Qxe2+ 65. Kxe2 Bg3 66. Kf3 1/2-1/2

[Event "Eastern Class-ch 26th"]
[Site "Sturbridge"]
[Date "2017.04.29"]
[Round "3"]
[White "Ivanov, Alexander"]
[Black "Popilski, Gil"]
[Result "1-0"]
[WhiteElo "2483"]
[BlackElo "2544"]
[PlyCount "63"]
[EventDate "2017.04.28"]
[EventType "swiss"]
[EventRounds "5"]
[EventCountry "USA"]
[SourceTitle "EXT 2018"]
[Source "ChessBase"]
[SourceDate "2017.10.13"]
[SourceVersion "1"]
[SourceVersionDate "2017.10.13"]
[SourceQuality "1"]

1. e4 c5 2. Nf3 d6 3. d4 cxd4 4. Nxd4 Nf6 5. Nc3 a6 6. g3 e5 7. Nde2 Be7 8. Bg2 0-0 9. a4 b6 10. Nd5 Nxd5 11. Qxd5 Qc7 12. Nc3 Bb7 13. Qa2 Nd7 14. 0-0 b5 15. Be3 Nf6 16. axb5 axb5 17. Qb3 Qc4 18. Qxb5 Qxb5 19. Nxb5 Nxe4 20. c4 f5 21. Nc3 Rfc8 22. Nxe4 fxe4 23. Bh3 Rcb8 24. Ba7 Re8 25. Bd7 Red8 26. Be6+ Kh8 27. Bb6 Rf8 28. Be3 h6 29. Rfd1 Kh7 30. b4 Kg6 31. b5 Kf6 32. Bd5 1-0

[Event "Queen City IM"]
[Site "Manchester"]
[Date "2017.03.27"]
[Round "9"]
[White "Gorti, Akshita"]
[Black "Ivanov, Alexander"]
[Result "0-1"]
[WhiteElo "2215"]
[BlackElo "2480"]
[PlyCount "86"]
[EventDate "2017.03.23"]
[EventType "tourn"]
[EventRounds "10"]
[EventCountry "USA"]
[EventCategory "6"]
[SourceTitle "CBM 177 Extra"]
[Source "ChessBase"]
[SourceDate "2017.04.27"]
[SourceVersion "1"]
[SourceVersionDate "2017.04.27"]
[SourceQuality "1"]

1. d4 Nf6 2. c4 e6 3. Nc3 Bb4 4. e3 b6 5. Nge2 c5 6. a3 Ba5 7. Rb1 Na6 8. g3 Bb7 9. d5 Ne4 10. Bg2 Bxc3+ 11. Nxc3 Nxc3 12. bxc3 0-0 13. 0-0 e5 14. a4 d6 15. e4 Nb8 16. Re1 Ba6 17. Bf1 Nd7 18. Bd3 Qe7 19. f4 exf4 20. gxf4 Rae8 21. Bd2 f6 22. Ra1 Qf7 23. a5 Bc8 24. Kh1 f5 25. exf5 Rxe1+ 26. Qxe1 Re8 27. Qg3 bxa5 28. Rxa5 Nf6 29. Qg2 Re7 30. Rb5 Qh5 31. Rb8 Qd1+ 32. Bf1 Re8 33. Kg1 a5 34. Ra8 a4 35. Be3 Bxf5 36. Rxe8+ Nxe8 37. Qe2 Qxe2 38. Bxe2 a3 39. Bc1 a2 40. Bb2 Nf6 41. Kf2 Bc2 42. Ke3 Nd7 43. Kd2 Bb3 0-1

[Event "Queen City IM"]
[Site "Manchester"]
[Date "2017.03.23"]
[Round "1"]
[White "Kumar, Nikhil"]
[Black "Ivanov, Alexander"]
[Result "0-1"]
[WhiteElo "2444"]
[BlackElo "2480"]
[PlyCount "94"]
[EventDate "2017.03.23"]
[EventType "tourn"]
[EventRounds "10"]
[EventCountry "USA"]
[EventCategory "6"]
[SourceTitle "CBM 177 Extra"]
[Source "ChessBase"]
[SourceDate "2017.04.27"]
[SourceVersion "1"]
[SourceVersionDate "2017.04.27"]
[SourceQuality "1"]

1. d4 d6 2. c4 e5 3. Nc3 Nc6 4. Nf3 Bg4 5. d5 Nb8 6. Nd2 Be7 7. f3 Bc8 8. e4 Nd7 9. Be2 Bg5 10. Rb1 a5 11. a3 Ngf6 12. b4 axb4 13. axb4 Be3 14. Nb3 Bb6 15. Qd3 0-0 16. Be3 Bxe3 17. Qxe3 Nh5 18. g3 g6 19. 0-0 Ng7 20. c5 f5 21. Qd2 f4 22. c6 bxc6 23. dxc6 Nb6 24. Nd5 Nxd5 25. Bc4 Kh8 26. Bxd5 fxg3 27. hxg3 Nh5 28. Kg2 Qf6 29. Rf2 g5 30. Nc1 Ra3 31. Rb3 Rxb3 32. Bxb3 Qg6 33. Qe3 Nf4+ 34. Kf1 Nh3 35. Ra2 g4 36. f4 exf4 37. Qd4+ Qg7 38. Qxg7+ Kxg7 39. Ra7 fxg3+ 40. Kg2 Kg6 41. Rxc7 Rf3 42. Bf7+ Kg5 43. Rxc8 Nf4+ 44. Kg1 Rf2 45. Rg8+ Kh4 46. Rxg4+ Kxg4 47. Be6+ Nxe6 0-1

[Event "Atlantic City Millionaire op"]
[Site "Atlantic City"]
[Date "2016.10.06"]
[Round "2"]
[White "Adhiban, Baskaran"]
[Black "Ivanov, Alexander"]
[Result "1/2-1/2"]
[WhiteElo "2689"]
[BlackElo "2476"]
[PlyCount "66"]
[EventDate "2016.10.06"]
[EventType "swiss"]
[EventRounds "9"]
[EventCountry "USA"]
[SourceTitle "EXT 2017"]
[Source "ChessBase"]
[SourceDate "2016.10.25"]
[SourceVersion "1"]
[SourceVersionDate "2016.10.25"]
[SourceQuality "1"]

1. e4 e5 2. Nf3 Nc6 3. Bc4 Bc5 4. c3 Nf6 5. d3 a6 6. Nbd2 0-0 7. Bb3 d5 8. exd5 Nxd5 9. Ne4 Ba7 10. 0-0 Kh8 11. Re1 f6 12. d4 exd4 13. Nxd4 Nxd4 14. cxd4 c6 15. Nc3 Bf5 16. Qf3 Qd7 17. Nxd5 cxd5 18. Qxd5 Qxd5 19. Bxd5 Bxd4 20. Bxb7 Rae8 21. Rxe8 Rxe8 22. Be3 Bxb2 23. Rd1 a5 24. Rd5 Be4 25. Rb5 Bxb7 26. Rxb7 Bc1 27. Rb5 Kg8 28. Rxa5 Bxe3 29. fxe3 Rxe3 30. Ra7 Re2 31. h4 h5 32. Ra5 Kf7 33. Rxh5 Rxa2 1/2-1/2

[Event "Eastern op 42nd"]
[Site "Bethesda"]
[Date "2015.12.29"]
[Round "6"]
[White "Ivanov, Alexander"]
[Black "Erenburg, Sergey"]
[Result "1/2-1/2"]
[WhiteElo "2515"]
[BlackElo "2587"]
[PlyCount "28"]
[EventDate "2015.12.26"]
[EventType "swiss"]
[EventRounds "7"]
[EventCountry "USA"]
[SourceTitle "CBM 170 Extra"]
[Source "ChessBase"]
[SourceDate "2016.02.25"]
[SourceVersion "1"]
[SourceVersionDate "2016.02.25"]
[SourceQuality "1"]

1. e4 c6 2. d4 d5 3. e5 Bf5 4. Nf3 e6 5. Be2 Ne7 6. 0-0 Bg6 7. Nbd2 Nf5 8. Nb3 Nd7 9. a4 a6 10. a5 Be7 11. g4 Nh4 12. Nxh4 Bxh4 13. f4 f5 14. Bd3 0-0 1/2-1/2

[Event "Eastern op 42nd"]
[Site "Bethesda"]
[Date "2015.12.28"]
[Round "5"]
[White "Burke, John M"]
[Black "Ivanov, Alexander"]
[Result "0-1"]
[WhiteElo "2588"]
[BlackElo "2515"]
[PlyCount "78"]
[EventDate "2015.12.26"]
[EventType "swiss"]
[EventRounds "7"]
[EventCountry "USA"]
[SourceTitle "CBM 170 Extra"]
[Source "ChessBase"]
[SourceDate "2016.02.25"]
[SourceVersion "1"]
[SourceVersionDate "2016.02.25"]
[SourceQuality "1"]

1. e4 b6 2. d4 Bb7 3. Bd3 Nf6 4. Qe2 Nc6 5. c3 e5 6. d5 Ne7 7. f4 exf4 8. c4 d6 9. Bxf4 Ng6 10. Bg3 Be7 11. Nc3 0-0 12. Nh3 Nd7 13. 0-0 Bf6 14. Rac1 Nge5 15. Nf4 g6 16. b4 a5 17. a3 axb4 18. axb4 Ba6 19. Nb1 Bh4 20. Bxh4 Qxh4 21. Nd2 Bb7 22. g3 Qe7 23. Ra1 h5 24. Kg2 h4 25. Nb3 hxg3 26. hxg3 Nf6 27. Bc2 Nfg4 28. Nd2 Kg7 29. Rxa8 Rxa8 30. Bb3 Ra3 31. Rb1 Bc8 32. Nf3 Nxf3 33. Qxf3 Nf6 34. Rf1 Qxe4 35. Qxe4 Nxe4 36. Bc2 Ra2 37. Rc1 Bf5 38. Nd3 Nd2 39. Kg1 Nf3+ 0-1

[Event "Wch Seniors 50 25th"]
[Site "Acqui Terme"]
[Date "2015.11.21"]
[Round "11"]
[White "Garcia Palermo, Carlos H"]
[Black "Ivanov, Alexander"]
[Result "1-0"]
[WhiteElo "2446"]
[BlackElo "2506"]
[PlyCount "77"]
[EventDate "2015.11.10"]
[EventType "swiss"]
[EventRounds "11"]
[EventCountry "ITA"]
[SourceTitle "CBM 169 Extra"]
[Source "ChessBase"]
[SourceDate "2015.12.18"]
[SourceVersion "1"]
[SourceVersionDate "2015.12.18"]
[SourceQuality "1"]

1. d4 Nf6 2. Bg5 e6 3. e4 h6 4. Bxf6 Qxf6 5. c3 d6 6. Nd2 Nd7 7. Bd3 e5 8. Ne2 Qd8 9. 0-0 Be7 10. a4 a5 11. Qb3 0-0 12. Rad1 c6 13. f4 Nf6 14. h3 Be6 15. Qc2 Qb6 16. fxe5 dxe5 17. Nc4 Bxc4 18. Bxc4 g6 19. Rf2 Qc7 20. Rdf1 Kg7 21. Qd3 Rac8 22. Kh1 Bd8 23. Ng3 Re8 24. Qe3 Rb8 25. Rf5 b5 26. axb5 cxb5 27. Ba2 b4 28. dxe5 Rxe5 29. Nh5+ gxh5 30. Qg3+ Kf8 31. Qxe5 Qxe5 32. Rxe5 bxc3 33. bxc3 Rb2 34. Bb1 a4 35. Ref5 a3 36. e5 a2 37. Bxa2 Rxa2 38. exf6 Ra6 39. Rxh5 1-0

[Event "Wch Seniors 50 25th"]
[Site "Acqui Terme"]
[Date "2015.11.13"]
[Round "4"]
[White "Bagaturov, Giorgi"]
[Black "Ivanov, Alexander"]
[Result "1/2-1/2"]
[WhiteElo "2397"]
[BlackElo "2506"]
[PlyCount "102"]
[EventDate "2015.11.10"]
[EventType "swiss"]
[EventRounds "11"]
[EventCountry "ITA"]
[SourceTitle "CBM 169 Extra"]
[Source "ChessBase"]
[SourceDate "2015.12.18"]
[SourceVersion "1"]
[SourceVersionDate "2015.12.18"]
[SourceQuality "1"]

1. d4 g6 2. Nf3 Bg7 3. c4 c5 4. d5 d6 5. e4 e6 6. Be2 Nf6 7. Nc3 0-0 8. 0-0 Re8 9. Qc2 exd5 10. cxd5 Bg4 11. h3 Bxf3 12. Bxf3 Nbd7 13. Bf4 Ne5 14. Be2 a6 15. a4 Qc7 16. Rfe1 Re7 17. Bg3 g5 18. Qd2 h6 19. f4 gxf4 20. Qxf4 Rd8 21. Qd2 Ng6 22. Bf3 Rde8 23. Kh1 Qd7 24. Qc2 b5 25. axb5 axb5 26. Ra6 Ne5 27. Be2 c4 28. Rb6 Qa7 29. Rxb5 Qe3 30. Bf3 Qg5 31. Bh2 Nfd7 32. Rb7 Nc5 33. Rxe7 Rxe7 34. Rf1 Ncd3 35. Be2 Rb7 36. Nd1 Kh7 37. Bxd3 cxd3 38. Qc8 Rb4 39. Bxe5 Qxe5 40. Nf2 d2 41. Qg4 f5 42. Qd1 fxe4 43. Qxd2 Rd4 44. Qe3 Qxd5 45. Re1 Qe5 46. Nxe4 d5 47. Nc5 Qxe3 48. Rxe3 Rd1+ 49. Kh2 Bxb2 50. Rd3 Be5+ 51. g3 Rxd3 1/2-1/2

[Event "USA tt"]
[Site "ICC INT"]
[Date "2015.09.15"]
[Round "4"]
[White "Ivanov, Alexander"]
[Black "Paragua, Mark"]
[Result "1/2-1/2"]
[WhiteElo "2528"]
[BlackElo "2509"]
[PlyCount "73"]
[EventDate "2015.08.25"]
[EventType "team-swiss"]
[EventRounds "10"]
[EventCountry "USA"]
[SourceTitle "EXT 2016"]
[Source "ChessBase"]
[SourceDate "2015.10.08"]
[SourceVersion "1"]
[SourceVersionDate "2015.10.08"]
[SourceQuality "1"]
[WhiteTeam "New England"]
[BlackTeam "New York"]
[WhiteTeamCountry "USA"]
[BlackTeamCountry "USA"]

1. e4 c5 2. Nf3 d6 3. d4 cxd4 4. Nxd4 Nf6 5. Nc3 a6 6. h3 e6 7. g4 d5 8. Nde2 Bb4 9. exd5 Nxd5 10. Bg2 0-0 11. 0-0 Nxc3 12. Nxc3 Qc7 13. Ne4 Bd7 14. c3 Be7 15. Bg5 Bxg5 16. Nxg5 h6 17. Ne4 Bb5 18. Re1 Rd8 19. Qf3 Nd7 20. Qg3 Qxg3 21. Nxg3 Nc5 22. Red1 Na4 23. Rxd8+ Rxd8 24. b3 Nxc3 25. Bxb7 Rd7 26. Bg2 Rd2 27. a4 Bd3 28. b4 Ra2 29. Rc1 Nxa4 30. Rc8+ Kh7 31. Rc7 Kg8 32. Rc8+ Kh7 33. Rc7 Kg8 34. Rc8+ Kh7 35. Rc7 Kg8 36. Rc8+ Kh7 37. Rc7 1/2-1/2

[Event "Senica op 6th"]
[Site "Senica"]
[Date "2015.08.30"]
[Round "5"]
[White "Ivanov, Alexander"]
[Black "Sosovicka, Jakub"]
[Result "1-0"]
[WhiteElo "1000"]
[BlackElo "1896"]
[PlyCount "75"]
[EventDate "2015.08.27"]
[EventType "swiss"]
[EventRounds "7"]
[EventCountry "SVK"]
[SourceTitle "EXT 2016"]
[Source "ChessBase"]
[SourceDate "2015.10.08"]
[SourceVersion "1"]
[SourceVersionDate "2015.10.08"]
[SourceQuality "1"]

1. e4 c5 2. Nf3 d6 3. d4 cxd4 4. Nxd4 Nf6 5. Nc3 a6 6. Bg5 Nbd7 7. Qd2 e6 8. 0-0-0 Be7 9. f4 Qc7 10. g3 b5 11. Bxb5 axb5 12. Ndxb5 Qb6 13. Nxd6+ Bxd6 14. Qxd6 Qxd6 15. Rxd6 0-0 16. Rhd1 Nc5 17. e5 Nfd7 18. b4 Na4 19. Nxa4 Rxa4 20. Rxd7 Bxd7 21. Rxd7 Rfa8 22. b5 Rxa2 23. Rd8+ Rxd8 24. Bxd8 Ra4 25. b6 Rb4 26. Bc7 f6 27. c3 Rb5 28. c4 Rb4 29. c5 Rc4+ 30. Kd2 Rxc5 31. b7 Rb5 32. b8Q+ Rxb8 33. Bxb8 fxe5 34. fxe5 Kf7 35. Kd3 Kg6 36. Kc4 Kf5 37. Kc5 g5 38. h3 1-0

[Event "Untergrombach op 32nd"]
[Site "Untergrombach"]
[Date "2015.01.03"]
[Round "2"]
[White "Ivanov, Alexander"]
[Black "Sieglen, Joachim"]
[Result "0-1"]
[WhiteElo "1992"]
[BlackElo "2198"]
[PlyCount "67"]
[EventDate "2015.01.02"]
[EventType "swiss"]
[EventRounds "7"]
[EventCountry "GER"]
[SourceTitle "CBM 164 Extra"]
[Source "ChessBase"]
[SourceDate "2015.03.02"]
[SourceVersion "1"]
[SourceVersionDate "2015.03.02"]
[SourceQuality "1"]

1. c4 Nf6 2. Nf3 c5 3. Nc3 Nc6 4. d4 cxd4 5. Nxd4 e6 6. g3 Qb6 7. Nb3 Ne5 8. e4 Bb4 9. Qe2 d6 10. Bd2 0-0 11. f4 Nc6 12. Bg2 e5 13. f5 Nd4 14. Nxd4 exd4 15. Nd5 Nxd5 16. cxd5 Bxf5 17. 0-0-0 Rfe8 18. Bxb4 Qxb4 19. Qd3 Bg6 20. a3 Qa4 21. Rhe1 Rac8+ 22. Kb1 Rc5 23. Rc1 h6 24. Ka2 Rec8 25. b3 Qd7 26. Rxc5 dxc5 27. Rc1 b6 28. Qc4 Re8 29. Re1 Re5 30. Kb2 Qe7 31. Qa6 Kh7 32. a4 f5 33. Re2 fxe4 34. Bxe4 0-1

[Event "Eastern op 41st"]
[Site "Bethesda"]
[Date "2014.12.27"]
[Round "3"]
[White "Ivanov, Alexander"]
[Black "Lowinger, Daniel"]
[Result "1-0"]
[WhiteElo "2506"]
[BlackElo "2153"]
[PlyCount "93"]
[EventDate "2014.12.26"]
[EventType "swiss"]
[EventRounds "7"]
[EventCountry "USA"]
[SourceTitle "CBM 164 Extra"]
[Source "ChessBase"]
[SourceDate "2015.03.02"]
[SourceVersion "1"]
[SourceVersionDate "2015.03.02"]
[SourceQuality "1"]

1. e4 e6 2. d4 d5 3. Nd2 Nf6 4. e5 Nfd7 5. c3 c5 6. f4 Nc6 7. Ndf3 Qb6 8. g3 cxd4 9. cxd4 Bb4+ 10. Kf2 g5 11. fxg5 Ndxe5 12. Nxe5 Nxe5 13. Kg2 Nc6 14. Nf3 Bf8 15. b3 Bg7 16. Bf4 Nxd4 17. Be3 e5 18. Bd3 Bg4 19. Bxd4 exd4 20. Re1+ Kf8 21. Rc1 Re8 22. Ne5 Bh3+ 23. Kxh3 Rxe5 24. Qg4 Qe6 25. Rc8+ Ke7 26. Rc7+ Kd6 27. Rxe5 Qxg4+ 28. Kxg4 Bxe5 29. Rxf7 Rc8 30. Bxh7 Rc3 31. Rf3 Kc5 32. h4 Kb4 33. h5 Ka3 34. h6 Kxa2 35. Rxc3 dxc3 36. Bd3 Kxb3 37. g6 c2 38. Bxc2+ Kxc2 39. g7 d4 40. g8Q d3 41. Qc4+ Bc3 42. Qa4+ Kc1 43. Qb3 Kd2 44. Kf3 b5 45. Qxb5 Kc2 46. Qa4+ Kc1 47. Qb3 1-0

[Event "Las Vegas Millionaire op"]
[Site "Las Vegas"]
[Date "2014.10.11"]
[Round "6"]
[White "Ivanov, Alexander"]
[Black "Zuluaga Mancilla, Cesar"]
[Result "0-1"]
[WhiteElo "2508"]
[BlackElo "2344"]
[PlyCount "108"]
[EventDate "2014.10.09"]
[EventType "swiss"]
[EventRounds "9"]
[EventCountry "USA"]
[SourceTitle "CBM 162 Extra"]
[Source "ChessBase"]
[SourceDate "2014.10.17"]
[SourceVersion "1"]
[SourceVersionDate "2014.10.17"]
[SourceQuality "1"]

1. e4 c5 2. Nf3 e6 3. d4 cxd4 4. Nxd4 a6 5. Bd3 Nf6 6. 0-0 Qc7 7. Qe2 d6 8. c4 g6 9. Nc3 Bg7 10. Bg5 0-0 11. Rac1 Nbd7 12. Rfd1 b6 13. Bb1 Bb7 14. b3 Rac8 15. Qd2 Rfe8 16. Nf3 Bf8 17. h3 Qb8 18. Qf4 Nh5 19. Qe3 Ba8 20. a4 Nc5 21. Bc2 Bg7 22. b4 Bxc3 23. Qxc3 Nxe4 24. Bxe4 Bxe4 25. Nh2 e5 26. Ng4 Re6 27. Qd2 f6 28. Be3 Ba8 29. f3 f5 30. Nh6+ Kg7 31. Bg5 Nf6 32. Bh4 f4 33. Ng4 Nxg4 34. hxg4 Qc7 35. a5 bxa5 36. bxa5 h5 37. g5 Rf8 38. Qa2 Rf7 39. Rc2 Kh7 40. Kh2 e4 41. c5 d5 42. Rd4 Qe5 43. Qa3 Bc6 44. Qc3 Rb7 45. Rb2 Rxb2 46. Qxb2 Bb5 47. Rb4 Qf5 48. Qd4 exf3 49. gxf3 Re2+ 50. Kg1 Qh3 51. Bf2 Qxf3 52. Rb2 Qg4+ 53. Kh1 Qh3+ 54. Kg1 f3 0-1

[Event "USA tt"]
[Site "ICC INT"]
[Date "2014.09.02"]
[Round "2"]
[White "Ivanov, Alexander"]
[Black "Kamsky, Gata"]
[Result "1/2-1/2"]
[WhiteElo "2513"]
[BlackElo "2706"]
[PlyCount "81"]
[EventDate "2014.08.26"]
[EventType "team-tourn"]
[EventRounds "10"]
[EventCountry "USA"]
[SourceTitle "CBM 162 Extra"]
[Source "ChessBase"]
[SourceDate "2014.10.17"]
[SourceVersion "1"]
[SourceVersionDate "2014.10.17"]
[SourceQuality "1"]
[WhiteTeam "New England"]
[BlackTeam "New York"]
[WhiteTeamCountry "USA"]
[BlackTeamCountry "USA"]

1. e4 e6 2. d4 d5 3. exd5 exd5 4. Nf3 Nf6 5. Bd3 Be7 6. h3 0-0 7. 0-0 Nbd7 8. Re1 Re8 9. Bf4 c6 10. c3 Bf8 11. Nbd2 g6 12. Qc2 a5 13. a4 Bg7 14. Nf1 Nf8 15. Rxe8 Nxe8 16. Qd2 Nd6 17. Re1 Be6 18. Ng5 Qd7 19. Nxe6 Nxe6 20. Be5 f6 21. Bg3 Re8 22. Nh2 f5 23. Bxd6 Qxd6 24. Nf3 Re7 25. Bc2 Bf6 26. g3 Kg7 27. Kg2 b6 28. Bb3 Nd8 29. Rxe7+ Qxe7 30. Qe1 Qxe1 31. Nxe1 Kf8 32. Nd3 Ke7 33. f4 Kd6 34. Kf3 Ne6 35. Ne5 Bg7 36. Ke3 c5 37. h4 cxd4+ 38. cxd4 Nd8 39. Bd1 Nc6 40. Nxc6 Kxc6 41. h5 1/2-1/2

[Event "Dresden ZMD op 23rd"]
[Site "Dresden"]
[Date "2014.08.18"]
[Round "4"]
[White "Knaak, Joachim"]
[Black "Ivanov, Alexander"]
[Result "0-1"]
[WhiteElo "2150"]
[BlackElo "1951"]
[PlyCount "49"]
[EventDate "2014.08.15"]
[EventType "swiss"]
[EventRounds "9"]
[EventCountry "GER"]
[SourceTitle "CBM 161 Extra"]
[Source "ChessBase"]
[SourceDate "2014.08.29"]
[SourceVersion "1"]
[SourceVersionDate "2014.08.29"]
[SourceQuality "1"]

1. d4 Nf6 2. c4 c5 3. e3 e6 4. Nc3 d5 5. Nf3 Nc6 6. Bd3 Be7 7. 0-0 0-0 8. cxd5 exd5 9. dxc5 Bxc5 10. h3 a6 11. b3 d4 12. Na4 Ba7 13. exd4 Nxd4 14. Bb2 Ne6 15. Nc3 b5 16. Ne4 Nd5 17. Ng3 Bb7 18. Be4 Nc5 19. Bf5 Nf4 20. Qc2 h6 21. Rad1 Qb6 22. Bh7+ Kh8 23. Qc3 Nce6 24. Be4 Bxe4 25. Nxe4 0-1